000 00493pab a2200181 454500
008 180718b2013 xxu||||| |||| 00| 0 eng d
100 _aMertens, Karel
245 _aThe dynamic effects of personal and corporate income tax changes in the United States
260 _c2013
300 _ap.1212-1247.
362 _aJun
650 _aIncome tax - United States
650 _aIncome tax
700 _aRavn, Morten
773 _aAmerican Economic Review
908 _aN
909 _a100602
999 _c100601
_d100601